RICS/ISVA specification for the valuation and inspection of residential property for mortgage purposes on behalf of building societies, banks and other lenders. (Record no. 96987)
[ view plain ]
| 000 -LEADER | |
|---|---|
| fixed length control field | 01187cam a2200301 4500 |
| 001 - CONTROL NUMBER | |
| control field | M90430 |
| 008 - FIXED-LENGTH DATA ELEMENTS--GENERAL INFORMATION | |
| fixed length control field | 090401t1997 xxu||||| |||| 00| 0 eng d |
| 035 ## - SYSTEM CONTROL NUMBER | |
| System control number | (Sirsi) u84893 |
| 041 ## - LANGUAGE CODE | |
| Language code of text/sound track or separate title | eng |
| 050 ## - LIBRARY OF CONGRESS CALL NUMBER | |
| Classification number | 333.332 |
| 110 ## - MAIN ENTRY--CORPORATE NAME | |
| Corporate name or jurisdiction name as entry element | Royal Institution of Chartered Surveyors |
| 9 (RLIN) | 4900 |
| 245 ## - TITLE STATEMENT | |
| Title | RICS/ISVA specification for the valuation and inspection of residential property for mortgage purposes on behalf of building societies, banks and other lenders. |
| 250 ## - EDITION STATEMENT | |
| Edition statement | Rev. ed. |
| 260 ## - PUBLICATION, DISTRIBUTION, ETC. | |
| Place of publication, distribution, etc. | London |
| Name of publisher, distributor, etc. | RICS |
| Date of publication, distribution, etc. | 1997 |
| 300 ## - PHYSICAL DESCRIPTION | |
| Extent | 11p. ; 21x10cm. |
| 350 ## - PRICE (NR) (BK AM CF MU VM SE) [OBSOLETE] | |
| Price | 0 |
| 520 ## - SUMMARY, ETC. | |
| Summary, etc. | Effective from 1st January 1998. Reproduced in the RICS Appraisal and Valuation Manual (Red book) Cover Title: Specification for Residential Mortgage Valuation. |
| 520 ## - SUMMARY, ETC. | |
| Summary, etc. | Superseded by "Specification for residential mortgage valuation" (2004, J125422). |
| 650 ## - SUBJECT ADDED ENTRY--TOPICAL TERM | |
| Topical term or geographic name entry element | GUIDANCE NOTES |
| 650 ## - SUBJECT ADDED ENTRY--TOPICAL TERM | |
| Topical term or geographic name entry element | MODEL CONDITIONS OF ENGAGEMENT |
| 650 ## - SUBJECT ADDED ENTRY--TOPICAL TERM | |
| Topical term or geographic name entry element | MORTGAGE VALUATION |
| 650 ## - SUBJECT ADDED ENTRY--TOPICAL TERM | |
| Topical term or geographic name entry element | RESIDENTIAL PROPERTY |
| 9 (RLIN) | 6266 |
| 650 ## - SUBJECT ADDED ENTRY--TOPICAL TERM | |
| Topical term or geographic name entry element | RICS APPRAISAL AND VALUATION MANUAL |
| 690 ## - LOCAL SUBJECT ADDED ENTRY--TOPICAL TERM (OCLC, RLIN) | |
| Topical term or geographic name as entry element | RATING AND VALUATION |
| 710 ## - ADDED ENTRY--CORPORATE NAME | |
| Corporate name or jurisdiction name as entry element | Incorporated Society of Valuers and Auctioneers |
| 9 (RLIN) | 1201 |
| 942 ## - ADDED ENTRY ELEMENTS (KOHA) | |
| Suppress in OPAC | 0 |
| 948 ## - LOCAL PROCESSING INFORMATION (OCLC); SERIES PART DESIGNATOR (RLIN) | |
| c (OCLC) | 16/03/1998 |
| Withdrawn status | Lost status | Source of classification or shelving scheme | Damaged status | Not for loan | Home library | Current library | Shelving location | Date acquired | Total Checkouts | Full call number | Barcode | Date last seen | Copy number | Price effective from | Koha item type | Date last checked out | Cost, normal purchase price | Cost, replacement price |
|---|---|---|---|---|---|---|---|---|---|---|---|---|---|---|---|---|---|---|
| Dewey Decimal Classification | Historic collection | Historic collection | RICS Boxes | 13/11/2012 | RICS 1997/123 | 30054956 | 06/08/2019 | 1 | 06/08/2019 | Archive | ||||||||
| Dewey Decimal Classification | London | London | RICS Boxes | 14/09/1999 | RICS 1997/123 | 30055153 | 24/03/2024 | 2 | 06/08/2019 | Reference material | ||||||||
| Dewey Decimal Classification | London | London | Reference copy | 28/02/2012 | RED BOOKS | 30054957 | 12/03/2024 | 3 | 06/08/2019 | Reference material | ||||||||
| Dewey Decimal Classification | London | London | Basement | 14/09/1999 | 7 | SHELF 303 | 30054958 | 06/08/2019 | 2 | 06/08/2019 | Book | 25/04/2007 | ||||||
| Dewey Decimal Classification | London | London | Pamphlets | 14/09/1999 | 5 | SHELF 303 | 30054959 | 06/08/2019 | 3 | 06/08/2019 | Book | 20/10/2003 | 5.00 | 5.00 | ||||
| Dewey Decimal Classification | London | London | Basement | 14/09/1999 | 3 | SHELF 303 | 30055152 | 06/08/2019 | 4 | 06/08/2019 | Book | 18/05/2001 | 5.00 | 5.00 |